The political situation / (Record no. 61443)
[ view plain ]
| 000 -LEADER | |
|---|---|
| fixed length control field | 00696nam a2200217 a 4500 |
| 001 - CONTROL NUMBER | |
| control field | 61443 |
| 003 - CONTROL NUMBER IDENTIFIER | |
| rucl marc code | BD-RjUL |
| 005 - DATE AND TIME OF LATEST TRANSACTION | |
| control field | 20211209080950.0 |
| 008 - FIXED-LENGTH DATA ELEMENTS--GENERAL INFORMATION | |
| fixed length control field | 170118s1896 enk 000 0 eng d |
| 035 ## - SYSTEM CONTROL NUMBER | |
| System control number | (BD-RjUL) |
| 040 ## - CATALOGING SOURCE | |
| Original cataloging agency | BD-RjUL |
| Language of cataloging | eng |
| Transcribing agency | BD-RjUL |
| Modifying agency | BD-RjUL |
| 041 ## - LANGUAGE CODE | |
| Language code of text/sound track or separate title | eng |
| 082 ## - DEWEY DECIMAL CLASSIFICATION NUMBER | |
| Edition number | 23 |
| Classification number | 320.9687 |
| Author mark and year | SCP 1896 |
| 100 1# - MAIN ENTRY--PERSONAL NAME | |
| Personal name | Schreiner, Olive, |
| Dates associated with a name | 1855-1920. |
| 9 (RLIN) | 183162 |
| 245 14 - TITLE STATEMENT | |
| Title | The political situation / |
| Statement of responsibility, etc. | by Olive Schreiner and C.S. Cronwright-Schreiner |
| 260 ## - PUBLICATION, DISTRIBUTION, ETC. (IMPRINT) | |
| Place of publication, distribution, etc. | London : |
| Name of publisher, distributor, etc. | T. Fisher Unwin, |
| Date of publication, distribution, etc. | 1896 |
| 300 ## - PHYSICAL DESCRIPTION | |
| Pagination | 148 p. ; |
| Size | 20 cm |
| 651 #0 - SUBJECT ADDED ENTRY--GEOGRAPHIC NAME | |
| Geographic name | South Africa |
| General subdivision | Politics and government |
| -- | History. |
| 9 (RLIN) | 183163 |
| 700 1# - ADDED ENTRY--PERSONAL NAME | |
| Personal name | Cronwright-Schreiner, Samuel Cron, |
| Dates associated with a name | 1863- |
| 942 ## - ADDED ENTRY ELEMENTS (KOHA) | |
| Source of classification or shelving scheme | Dewey Decimal Classification |
| Koha item type | Books |
| Lost status | Source of classification or shelving scheme | Damaged status | Not for loan | Collection code | Permanent Location | Current Location | Shelving location | Date acquired | Source of acquisition | Total Checkouts | Full call number | Date last seen | Copy number | Koha item type |
|---|---|---|---|---|---|---|---|---|---|---|---|---|---|---|
| Dewey Decimal Classification | Not For Loan | Non-fiction | Central Library, University of Rajshahi | Central Library, University of Rajshahi | Reading Room | 14/01/1963 | A. H. Qurchi | 320.9687 SCP 1896 | 18/01/2017 | C-1 | Books |